Statystyki dla Zgadnij państwo po jego sąsiadach

Kliknij tutaj aby rozwiązać quiz!

Ogólne statystyki

  • Ten quiz został rozwiązany 149 razy
  • Średni wynik to 14 z 25

Statystyki odpowiedzi

SąsiedziPaństwo% Poprawnych
Niemcy I Czechy I Słowacja I Ukraina I Białoruś I Litwa I RosjaPolska
100%
Stany Zjednoczone I Gwatemala I BelizeMeksyk
83%
Francja I Niemcy I BelgiaLuksemburg
80%
Hiszpania I FrancjaAndora
72%
Argentyna I BrazyliaUrugwaj
71%
Panama I Wenezuela I Peru I Brazylia I EkwadorKolumbia
69%
Ukraina I RumuniaMołdawia
69%
Węgry I Rumunia I Bułgaria I Macedonia Północna I Kosowo I Czarnogóra I Chorwacja I Bośnia i HercegowinaSerbia
66%
Austria I Chorwacja I Włochy I WęgrySłowenia
64%
Albania I Macedonia Północna I Bułgaria I TurcjaGrecja
61%
Algieria I LibiaTunezja
59%
Rosja I ChinyMongolia
58%
HaitiDominikana
53%
Rosja I Armenia I Turcja I AzerbejdżanGruzja
48%
Libia I Izrael I SudanEgipt
46%
Turkmenistan I Afganistan I Pakistan I Irak I Turcja I Armenia I AzerbejdżanIran
44%
Chiny I Kazachstan I Tadżykistan I UzbekistanKirgistan
43%
Turcja I Irak I Jordania I Liban I IzraelSyria
42%
Indie I MjanmaBangladesz
40%
Somalia I Etiopia I Sudan Południowy I Tanzania I UgandaKenia
40%
Tajlandia I Indonezja I BruneiMalezja
40%
Republika Południowej Afryki I Namibia I Zimbabwe I ZambiaBotswana
36%
Libia I Sudan I Republika Środkowoafrykańska I Kamerun I Nigeria I NigerCzad
35%
Kongo I Kamerun I Gwinea RównikowaGabon
34%
Togo I Burkina Faso I Wybrzeże Kości SłoniowejGhana
33%

Rozkład punktacji

Percentyl według liczby udzielonych odpowiedzi

Procent ludzi z każdym wynikiem

Twoja historia wyników

Nie rozwiązałeś tego quizu